[Event "SuperChess Cup Blitz 2019"]
[Site "Bucharest"]
[Date "2019.11.09"]
[Round "8.1"]
[White "Gavrilescu, David"]
[Black "Deac, Bogdan-Daniel"]
[Result "1-0"]
[WhiteElo "2274"]
[BlackElo "2544"]
[Annotator "TA"]
[PlyCount "83"]
[EventDate "2019.11.06"]
[EventType "tourn"]
[EventCountry "ROU"]
[SourceTitle "playchess.com"]
[Source "ChessBase"]
[SourceQuality "1"]

{[%evp 10,83,37,22,46,19,59,41,52,50,39,0,26,29,31,24,37,29,28,18,57,43,54,15,39,-107,127,130,140,122,232,218,267,262,334,263,345,258,257,256,243,237,233,236,222,218,225,186,322,322,317,296,352,383,372,325,862,408,391,278,430,412,412,399,352,327,407,338,573,559,594,606,663,665,795,776]} 1. e4 c5 2. Nf3 d6 3. Bb5+ Nc6 4. O-O Bd7 5. Re1 Nf6 6. h3 Qb6 {B51: Sicilian: Moscow Variation (3 Bb5+) without 3...Bd7} (6... Ne5 7. Bf1 e6 8. c3 Nxf3+ 9. Qxf3 Be7 10. d4 Bc6 11. dxc5 dxc5 12. Qf4 g5 13. Qg3 Rg8 14. e5 {0-1 (26) Delgado Ramirez,N (2612)-Albornoz Cabrera,C (2566) Linares 2019}) 7. Bf1 Rg8 $146 ({Predecessor:} 7... e6 8. c3 Be7 9. Na3 O-O 10. e5 Nxe5 11. Nxe5 dxe5 12. Nc4 Qc7 13. Nxe5 Rad8 14. Qf3 {0-1 (29) Golovanov,A (2305)-Sadykov,R (2408) Cheliabinsk 2004}) 8. c3 g5 $1 {White is slightly better.} 9. d4 g4 10. d5 (10. e5 {is more complex.} cxd4 11. exf6 gxf3 12. Qxf3 e6 13. Nd2) 10... gxf3 11. dxc6 Bxh3 12. cxb7 Qxb7 {[%cal Rh3g2]} 13. Qxf3 Bg4 14. Qd3 e5 15. Nd2 Rd8 16. Nf3 Be7 17. Bg5 (17. Nh4 $14) 17... Bd7 $2 (17... c4 $1 $17 {[%cal Rc4d3]} 18. Qe3 Bxf3 19. Bxf6 Bxg2 20. Bxg2 Bxf6) 18. Bxf6 $1 $16 Bxf6 19. Qxd6 {[%mdl 64] [#] Double Attack} Be7 (19... Qb6 $16 20. Qd2 Be6) 20. Qxe5 Qb6 21. Rad1 Qg6 22. g3 Kf8 23. Qf4 {[#] Black must now prevent Ne5.} Qf6 24. Qxf6 Bxf6 25. Rd5 {And now Red1 would win.} Bg4 26. Rxd8+ Bxd8 27. Ne5 Be6 28. Rd1 Bb6 (28... Bc7 {was worth a try.}) 29. Bc4 $18 Rg5 30. Nd7+ Ke7 31. Bxe6 fxe6 {[%mdl 4096] Endgame KRB-KRN} 32. Nb8 Bc7 $2 (32... Ke8 33. Kg2 c4) 33. Nc6+ (33. Rd7+ $142 Kf8 34. Rxc7) 33... Ke8 34. Kg2 c4 (34... a6 $142 35. c4 Rg4) 35. Nd4 Ke7 36. Rh1 h5 37. Kf3 Rc5 38. Ke3 a5 $2 (38... Rg5 39. b3 cxb3 40. axb3 Bb6) 39. f4 {White is clearly winning.} e5 40. Nf5+ Kf6 41. Rxh5 exf4+ 42. gxf4 {Accuracy: White = 46%, Black = 19%.} 1-0

[Event "SuperChess Cup Blitz 2019"]
[Site "Bucharest"]
[Date "2019.11.09"]
[Round "8.2"]
[White "Peptan, Corina-Isabela"]
[Black "Georgescu, Tiberiu-Marian"]
[Result "1/2-1/2"]
[WhiteElo "2334"]
[BlackElo "2373"]
[Annotator "TA"]
[PlyCount "41"]
[EventDate "2019.11.06"]
[EventType "tourn"]
[EventCountry "ROU"]
[SourceTitle "playchess.com"]
[Source "ChessBase"]
[SourceQuality "1"]

{[%evp 16,41,16,7,33,21,29,22,21,24,43,36,53,31,43,44,50,46,50,0,51,0,39,0,52,0,56,10]} 1. d4 d5 2. Nf3 Nf6 3. c4 e6 4. Nc3 Nbd7 5. cxd5 exd5 6. Bg5 c6 7. e3 Be7 8. Bd3 h6 9. Bh4 Nh5 {D35: Queen's Gambit Declined: Exchange Variation} 10. Bxe7 Qxe7 11. O-O O-O {The position is equal.} (11... Nhf6 12. Qb1 a5 13. a3 O-O 14. b4 axb4 15. Qxb4 Re8 16. Rfc1 Qxb4 17. axb4 Rxa1 18. Rxa1 {1-0 (55) Adhiban,B (2677)-Erdos,V (2614) Linares 2017}) 12. Rb1 Nb6 $146 ({Predecessor:} 12... a5 13. a3 Nhf6 14. Qc2 Re8 15. b4 axb4 16. axb4 Nb6 17. Rfc1 Be6 18. b5 c5 19. dxc5 Qxc5 20. Ne4 Nxe4 21. Qxc5 Nxc5 22. Rxc5 Rec8 23. Rxc8+ Rxc8 24. Nd4 {½-½ (24) Saric,I (2555)-Cvitan,O (2485) Mali Losinj 2017}) 13. Ne5 Nf6 14. b4 a6 15. a4 Nfd7 16. Nf3 Nf6 17. Ne5 Nfd7 18. Nf3 Nf6 $1 19. Ne5 Nfd7 20. Nf3 Nf6 $1 21. b5 1/2-1/2

[Event "SuperChess Cup Blitz 2019"]
[Site "Bucharest"]
[Date "2019.11.09"]
[Round "8.3"]
[White "Parligras, Mircea-Emilian"]
[Black "Cosma, Elena-Luminita"]
[Result "1-0"]
[WhiteElo "2458"]
[BlackElo "2199"]
[Annotator "TA"]
[PlyCount "103"]
[EventDate "2019.11.06"]
[EventType "tourn"]
[EventCountry "ROU"]
[SourceTitle "playchess.com"]
[Source "ChessBase"]
[SourceQuality "1"]

{[%evp 11,103,3,18,-7,-2,0,0,-3,0,0,6,-4,0,-6,15,-8,0,-9,0,0,6,0,0,0,-4,0,8,-75,-77,-102,-47,-54,-41,-127,-33,-79,0,0,0,-7,0,0,0,0,0,0,0,-2,0,-18,0,0,0,0,0,0,0,0,52,54,43,63,52,56,117,114,120,104,178,185,509,464,603,588,580,565,565,564,797,706,2150,236,191,-706,2340,2029,2327,2055,29979,29980,29982,29983,29977,29962]} 1. Nf3 d5 2. e3 Nf6 3. c4 e6 4. b3 Be7 5. Bb2 O-O 6. Nc3 b6 7. g3 {A13: English Opening: 1...e6} Bb7 8. cxd5 $146 ({Predecessor:} 8. Bg2 Nbd7 9. O-O Ne4 10. Ne2 Bf6 11. d4 c5 12. cxd5 exd5 13. Nf4 c4 14. Nd2 cxb3 15. Nxd5 Bxd5 16. Bxe4 Bxe4 17. Nxe4 bxa2 18. Rxa2 {1-0 (34) Wei,Y (2734)-Bacrot,E (2718) Liaocheng 2018}) 8... Nxd5 9. Nxd5 {The position is equal.} Bxd5 10. Bg2 c5 11. O-O Nd7 12. Qc2 Bf6 (12... Qc7 {feels hotter.} 13. d3 Rac8 14. Rac1 Rfd8 15. Rfd1 Bf6) 13. Bc3 (13. d4 {is more complex.} cxd4 14. Nxd4 Rc8 15. Qe2 Nc5 16. Rad1) 13... Bxc3 14. dxc3 Nf6 15. Rfd1 Qc7 16. c4 Be4 $36 {[%mdl 2048] Black fights for an advantage.} 17. Qb2 Qb7 18. Ne1 Rad8 19. Qe5 (19. f3 $11 Bg6 20. Qe2) 19... Bxg2 $17 20. Nxg2 Rd7 (20... Rxd1+ $17 21. Rxd1 Qf3) 21. Qb2 $15 Rfd8 22. Qe2 (22. Rxd7 $15 Qxd7 23. Ne1) 22... h6 (22... Ne4 $17 {aiming for ...Nc3!} 23. Rxd7 Qxd7) 23. Ne1 Rd6 (23... Ne4 $17 24. Rxd7 Rxd7) 24. Rxd6 $11 Rxd6 25. Rd1 Qd7 26. Rxd6 Qxd6 27. f3 Kf8 28. Qd3 Ke7 29. Kf2 Nd7 30. Ke2 Qxd3+ 31. Nxd3 {[%mdl 4096] Endgame KN-KN} Kd6 32. f4 f5 33. Kf3 e5 {...e4+ is the strong threat.} 34. e4 fxe4+ ({Black should try} 34... g6 $11) 35. Kxe4 $14 {[%cal Rf4e5]} Nf6+ 36. Kf5 e4 37. Nc1 e3 {[#]} (37... h5 $14) 38. g4 $1 $16 Ke7 39. g5 hxg5 (39... Ne8 $16) 40. fxg5 $18 g6+ $2 (40... Ne8 41. h4 Nd6+ 42. Kg4 Ke6) 41. Kxg6 Ng4 42. h4 Ne5+ 43. Kf5 Nf3 44. h5 Nd4+ 45. Kg6 {Strongly threatening h6.} e2 {[#]} 46. Nd3 $2 (46. Nxe2 $1 {[%mdl 512] Threatens to win with h6.} Nxe2 47. h6 Nf4+ 48. Kf5) 46... Nf3 {And now ...Ne5+! would win.} 47. Kh6 $4 {[%mdl 8192]} (47. Kf5 $18) 47... e1=Q $4 {[%mdl 8192]} (47... Kf7 $19 48. Ne1 Nxe1) 48. Nxe1 Nxe1 49. Kg7 Ng2 50. h6 {White mates.} Nh4 51. h7 Nf5+ 52. Kg8 {Accuracy: White = 47%, Black = 30%.} 1-0

[Event "SuperChess Cup Blitz 2019"]
[Site "Bucharest"]
[Date "2019.11.09"]
[Round "8.4"]
[White "Lupulescu, Constantin"]
[Black "Istratescu, Andrei"]
[Result "1-0"]
[WhiteElo "2525"]
[BlackElo "2604"]
[Annotator "TA"]
[PlyCount "99"]
[EventDate "2019.11.06"]
[EventType "tourn"]
[EventCountry "ROU"]
[SourceTitle "playchess.com"]
[Source "ChessBase"]
[SourceQuality "1"]

{[%evp 10,99,56,29,41,32,44,48,49,43,51,53,49,18,22,-10,0,0,0,0,0,-32,0,-2,22,22,22,14,22,22,35,20,25,35,63,58,126,82,129,17,76,84,151,135,139,146,186,179,165,101,107,101,111,100,191,162,266,179,220,227,270,266,260,168,163,168,156,161,262,261,303,287,297,324,668,653,858,789,774,769,2012,1602,29952,5410,29973,29963,29969,29973,29990,29989,29993,29990]} 1. e4 e6 2. d4 d5 3. Nc3 Bb4 4. e5 b6 5. Qg4 Bf8 6. h4 Qd7 {C16: French: 3 Nc3 Bb4 4 e5: Lines without ...c5} 7. h5 Ba6 8. Bxa6 Nxa6 {White is slightly better.} 9. a3 c5 10. Nf3 h6 11. Qf4 Ne7 12. g4 $146 ({Predecessor:} 12. Be3 Nf5 13. g4 Nxd4 14. Nxd4 cxd4 {½-½ (60) Mozharov,M (2566)-Istratescu,A (2677) Basel 2014}) 12... Nc6 13. Be3 cxd4 14. Nxd4 Nxd4 15. Bxd4 (15. Qxd4 {seems wilder.} Rc8 16. O-O-O Qc6 17. Qd3 Bxa3 18. Kb1) 15... Be7 16. Qe3 Nb8 17. O-O-O Nc6 18. f4 O-O-O 19. Ne2 Kb7 20. Kb1 Na5 21. Qd3 Qc6 22. f5 Bg5 ({Black should play} 22... Nc4 $14) 23. Rhf1 Rd7 24. Nf4 (24. b3 $16) 24... Bxf4 (24... Nc4 $11) 25. Rxf4 $16 Qc7 {[#]} (25... Qc8 $142) 26. f6 $1 {[%cal Rf6g7]} gxf6 27. Rxf6 Nc6 28. Qe3 Qb8 29. c3 (29. Rxh6 $18 Rxh6 30. Qxh6) 29... Qg8 30. Qf4 ({Don't play} 30. Rxh6 $6 Rxh6 31. Qxh6 Qxg4 $11) 30... Qh7+ 31. Ka2 Qc2 (31... Na5 $16 {was worth a try.}) 32. Rd2 Qh7 (32... Qe4 $142 33. Rxf7 Rh7 34. Qxe4 dxe4 35. Rxd7+ Rxd7) 33. Rf2 Nd8 34. Be3 Qd3 35. Rxh6 Rxh6 36. Qxh6 Qc4+ 37. Ka1 Qxg4 38. Qg5 Qd1+ (38... Qe4 $142) 39. Ka2 $18 Nc6 {intending ...Na5.} 40. Rd2 Qh1 {[#]} 41. h6 $1 Na5 $2 (41... Qh3 42. Bf4 Ne7) 42. Qf4 d4 43. Rxd4 Rc7 44. Qh4 Qg2 45. h7 Qc2 46. h8=Q Qb3+ 47. Kb1 {White mates.} Nc4 48. Rxc4 Rxc4 49. Qh1+ Ka6 50. Bd4 {Accuracy: White = 68%, Black = 28%.} 1-0

[Event "SuperChess Cup Blitz 2019"]
[Site "Bucharest"]
[Date "2019.11.09"]
[Round "8.5"]
[White "Miron, Lucian-Costin"]
[Black "David, Alexandru-Vasile"]
[Result "1/2-1/2"]
[WhiteElo "2432"]
[BlackElo "2361"]
[Annotator "TA"]
[PlyCount "111"]
[EventDate "2019.11.06"]
[EventType "tourn"]
[EventCountry "ROU"]
[SourceTitle "playchess.com"]
[Source "ChessBase"]
[SourceQuality "1"]

{[%evp 13,111,-4,2,-10,10,9,12,4,17,20,24,14,11,0,1,-40,-28,-19,-29,-62,-58,-55,-45,-92,-64,-79,-47,-58,-45,-73,-7,-96,-64,-130,-77,-82,-81,-80,-83,-86,-74,-91,-16,-22,49,-16,36,35,35,32,31,18,45,28,36,20,20,0,25,0,19,0,0,0,12,0,0,0,0,0,0,0,0,0,0,0,0,0,0,0,0,0,0,0,0,0,0,0,0,0,0,0,0,0,0,0,0,0,0,0]} 1. d4 Nf6 2. c4 e6 3. Nc3 Bb4 4. e3 O-O 5. Bd2 d5 6. Nf3 b6 7. cxd5 exd5 8. Bd3 {E51: Nimzo-Indian: Rubinstein: 4...0-0 5 Nf3 d5} Ba6 (8... Bb7 9. O-O Bd6 10. Rc1 c5 11. Ne5 Nc6 12. Ng4 Nxg4 13. Qxg4 c4 14. Bb1 Ne7 15. Nb5 f5 16. Qe2 a6 17. Nxd6 Qxd6 18. f3 b5 19. Be1 Ng6 20. Ba5 Ne7 21. Be1 Ng6 22. Ba5 Ne7 23. Be1 {½-½ (23) Nakamura,H (2743)-Giri,A (2779) Saint Louis 2019}) 9. Bxa6 Nxa6 10. O-O Qc8 11. Rc1 Qb7 12. Ne5 c6 $146 ({Predecessor:} 12... Rfe8 13. Be1 c5 14. f3 Bxc3 15. Bxc3 {½-½ (35) Urban,M (2279)-Fischer,D (2350) ICCF email 2016}) 13. Qe2 Rac8 14. f4 Bxc3 15. Bxc3 Ne4 16. Rf3 f6 17. Nd3 c5 18. Rh3 Qf7 19. f5 Nc7 20. dxc5 bxc5 21. Ba5 Ne8 (21... Nb5 $17) 22. Nf4 (22. Bb4 $1 $11) 22... N8d6 23. Ne6 {[#]} (23. Qd3 $15) 23... Ng5 ({But not} 23... Nxf5 24. Nxf8 Rxf8 25. Rf3 $11) (23... Rfe8 $142 $1 24. g4 h6) 24. Nxg5 $17 fxg5 25. Rf1 Ne4 26. Qd3 Rfe8 27. Rhf3 Nd6 (27... Rc6 $17) 28. Bc3 Nc4 (28... Rcd8 $11) 29. b3 ({Better is} 29. f6 $14 g6 30. Rg3) 29... Ne5 ({Black should play} 29... Nd6 $1 $11) 30. Bxe5 $1 $14 Rxe5 31. f6 g6 32. Qc3 Re6 33. h3 h6 34. Qa5 Kh7 35. Qc3 Rcc6 36. R1f2 Red6 {The position is equal.} 37. Rf1 d4 38. exd4 cxd4 39. Qd2 Rxf6 40. Qxd4 {[%cal Rf3f6]} Rxf3 41. Rxf3 $11 {[%mdl 4096] Endgame KQR-KQR} Rc1+ 42. Kh2 Qc7+ 43. g3 $1 Rc2+ 44. Rf2 Rc3 45. Rg2 h5 {White must now prevent ...h4.} 46. Qf6 h4 {[%cal Rh4g3]} 47. Qxg5 hxg3+ 48. Rxg3 Rc2+ 49. Kg1 Rc1+ 50. Kh2 Rc2+ 51. Kg1 Rc1+ 52. Kh2 Rc2+ 53. Kg1 Rc1+ 54. Kh2 Rc2+ 55. Kg1 Rc1+ 56. Kh2 {Accuracy: White = 44%, Black = 53%.} 1/2-1/2

[Event "SuperChess Cup Blitz 2019"]
[Site "Bucharest"]
[Date "2019.11.09"]
[Round "9.1"]
[White "David, Alexandru-Vasile"]
[Black "Gavrilescu, David"]
[Result "1-0"]
[WhiteElo "2361"]
[BlackElo "2274"]
[Annotator "TA"]
[PlyCount "95"]
[EventDate "2019.11.06"]
[EventType "tourn"]
[EventCountry "ROU"]
[SourceTitle "playchess.com"]
[Source "ChessBase"]
[SourceQuality "1"]

{[%evp 22,105,24,27,85,61,53,52,51,52,70,68,62,48,60,63,60,65,62,58,61,41,52,51,69,61,106,75,84,62,68,68,75,76,118,26,26,26,26,26,26,26,26,26,26,26,26,26,26,26,27,27,34,26,27,27,116,107,68,68,382,382,375,370,508,116,508,507,497,0,2403,2342,2280,2222,7120,7120,6620,6540,6022,5427,5302,5097,29982,29983,29980,12441]} 1. d4 Nf6 2. c4 e6 3. Nc3 Bb4 4. e3 O-O 5. Bd3 d5 6. a3 Bxc3+ 7. bxc3 dxc4 8. Bxc4 c5 9. Nf3 Qc7 10. Be2 Nc6 11. O-O e5 12. d5 Rd8 {E59: Nimzo-Indian: Rubinstein: Main Line: 7...Nc6 8 a3 Bxc3 9 bxc3 dxc4} (12... e4 $11 13. dxc6 exf3 14. Bxf3 bxc6) (12... e4 13. dxc6 Ng4 14. g3 exf3 15. Bxf3 Ne5 16. Bg2 Nxc6 17. c4 Be6 18. Bd5 Ne5 19. Bb2 Rfe8 20. Qc2 {½-½ (38) Kristiansen,J (2411)-Carlstedt,J (2444) Aarhus 2015}) 13. c4 e4 14. Nd2 $1 Ne5 $1 {White is slightly better.} 15. h3 b5 16. Bb2 $146 ({Predecessor:} 16. f4 Nxc4 17. Nxc4 bxc4 18. Bxc4 Bb7 19. Qe1 Bxd5 20. Be2 {1-0 (35) Gal,I (1995)-Tusek,M (2066) Zagreb 2010}) 16... bxc4 17. Nxc4 Nxc4 18. Bxf6 gxf6 19. Bxc4 Qe5 20. f4 Qc3 21. Qc1 Qxc1 22. Raxc1 Bb7 23. Rfd1 Rd7 24. Bb5 Rxd5 25. Rxd5 Bxd5 26. Rxc5 $16 {[%mdl 4096] Endgame KRB-KRB} Bb3 27. Bd7 a5 28. Rc8+ (28. Bf5 $16) 28... Rxc8 $11 29. Bxc8 {KB-KB} Be6 $1 {[%cal Re6c8]} 30. Bb7 f5 31. Kf2 Kf8 32. Kg3 Kg7 33. Kh4 Kg6 34. g4 f6 35. Bc6 Bc8 36. Be8+ Kg7 37. g5 Be6 38. Kg3 Kf8 (38... Bf7 $1 $11 {keeps the balance.} 39. Bd7 Bg6) 39. Bb5 Ke7 40. h4 Kf7 $2 {[%mdl 8192] [#]} (40... Bf7 $1 $14) 41. h5 $1 $18 Ke7 42. Be2 Bf7 {[#]} 43. Kh4 $2 (43. h6 $1 $18 Kd7 44. Kh4) 43... Kd6 $2 {[%mdl 8192]} (43... h6 $16 {is tougher.}) 44. h6 Ke7 45. Bh5 $2 ({White should try} 45. Bd1 $18 Be8 46. Bb3) 45... Be6 $2 {[%mdl 8192]} (45... Bxh5 $11 46. Kxh5 Kf7) 46. g6 Bg8 47. g7 Bc4 {[#]} 48. Kg3 {Played: Bh5-g6} 1-0

[Event "SuperChess Cup Blitz 2019"]
[Site "Bucharest"]
[Date "2019.11.09"]
[Round "9.2"]
[White "Istratescu, Andrei"]
[Black "Miron, Lucian-Costin"]
[Result "1-0"]
[WhiteElo "2604"]
[BlackElo "2432"]
[Annotator "TA"]
[PlyCount "105"]
[EventDate "2019.11.06"]
[EventType "tourn"]
[EventCountry "ROU"]
[SourceTitle "playchess.com"]
[Source "ChessBase"]
[SourceQuality "1"]

{[%evp 13,105,0,25,16,0,0,0,0,85,86,118,111,160,132,122,125,134,56,169,165,153,147,196,180,318,320,314,289,311,262,245,252,456,226,214,224,210,220,387,393,737,714,878,455,457,448,439,445,751,488,571,554,29984,77,77,85,335,320,349,349,337,261,310,221,266,231,251,254,323,345,352,386,615,595,582,568,496,345,324,317,498,493,464,449,442,442,1029,1160,1625,1281,1184,918,29976,29963]} 1. d4 d5 2. c4 c6 3. Nf3 Nf6 4. Qc2 g6 5. Bf4 Bg7 6. e3 O-O 7. Nc3 c5 8. dxc5 {Hoping for cxd5. D93: Grünfeld: 4 Nf3 Bg7 5 Bf4 0-0 6 e3} Qa5 9. Rc1 (9. Rd1 dxc4 10. Bxc4 Qxc5 11. Bb3 Nc6 12. O-O Bf5 13. Qe2 Rad8 14. h3 h6 15. e4 g5 16. Be3 Qa5 17. exf5 Qxf5 18. Nd4 {1-0 (18) Bu,X (2730)-Ibrahimov,R (2518) Riadh 2017}) 9... Na6 10. a3 {The position is equal.} Ne4 $146 {[#]} (10... Bf5 $11 11. Qd2 dxc4) ({Predecessor:} 10... Bf5 11. Qd2 dxc4 12. Bxc4 Rad8 13. Nd4 Nh5 14. Bg5 Qxc5 15. Ncb5 h6 {1-0 (32) Jankovic,A (2558)-Rogic,D (2519) Biograd 2018}) 11. Be5 $1 $16 f6 12. cxd5 Nxf2 13. Kxf2 fxe5 14. Bxa6 Qxa6 15. Rhf1 (15. Qb3 $16) 15... Qa5 (15... Qc4 $14) 16. Ne4 $18 Bf5 17. Kg1 Rac8 18. Nfd2 Rfd8 (18... Bh6 {was necessary.}) 19. Qb3 Kh8 20. Nc4 ({Don't take} 20. Qxb7 $6 Qc7 $18) 20... Qa6 21. Ng5 {[#] Black must now prevent e4.} Rf8 22. e4 Bh6 $2 (22... Bf6) 23. exf5 (23. Qg3 $142) 23... Bxg5 24. Rce1 Rxc5 25. Nxe5 gxf5 $2 (25... Qd6) 26. Nd7 Rb5 $2 (26... Rcc8 27. Nxf8 Rxf8) 27. Qd3 Rd8 28. Qxf5 Qg6 29. Ne5 Qxf5 30. Rxf5 Bd2 (30... Bh4 $142 31. g3 Rbxd5 32. gxh4 Rd1) 31. Nf7+ Kg7 32. Rxe7 ({Not} 32. Nxd8 Bxe1 33. g4 a6 $16) 32... Rdxd5 33. Rxd5 $2 (33. Ne5+ {mates} Kg8 34. Re8+ Kg7 35. Rf7+ Kh6 36. Re6+ Kg5 37. Nf3+ Kg4 38. Kf2 Be1+ 39. Kxe1) 33... Rxd5 $16 34. Rxb7 $18 {[%mdl 4096] Endgame And now Ne5+ would win. KRB-KRN} Ba5 $2 (34... Kg6 $16) 35. Ne5+ Kf6 36. Nc4 Bd8 37. Kf1 ({Much less strong is} 37. Rxh7 Rd1+ 38. Kf2 Rc1) 37... a5 38. Ke2 Kg6 39. Ne3 Re5 {If Black can now play ...Bg5 this consolidates a bit.} 40. Kd3 Bg5 41. Nc4 Rd5+ 42. Ke4 Rc5 (42... Rd1 $142 43. Nxa5 Re1+ 44. Kd5 Bf4) 43. Ne5+ Kh6 44. Nf7+ Kg6 {If only Black now had time for ...Bf6....} 45. Nxg5 Rxg5 {KR-KR} 46. g3 Rc5 (46... Rh5 {was worth a try.} 47. Rb6+ Kg7) 47. b4 axb4 48. axb4 {[%cal Ba3b4,Bb4b5][%mdl 32]} Rc2 49. h4 h5 (49... Rg2 $142 50. Rb8 Kf6 51. Rb6+ Ke7) 50. Rb5 Rc4+ 51. Kd3 Rc1 52. Rg5+ Kh6 53. b5 {Accuracy: White = 64%, Black = 24%.} 1-0

[Event "SuperChess Cup Blitz 2019"]
[Site "Bucharest"]
[Date "2019.11.09"]
[Round "9.3"]
[White "Cosma, Elena-Luminita"]
[Black "Lupulescu, Constantin"]
[Result "1/2-1/2"]
[WhiteElo "2199"]
[BlackElo "2525"]
[Annotator "TA"]
[PlyCount "91"]
[EventDate "2019.11.06"]
[EventType "tourn"]
[EventCountry "ROU"]
[SourceTitle "playchess.com"]
[Source "ChessBase"]
[SourceQuality "1"]

{[%evp 20,91,11,9,14,14,5,8,8,0,0,0,0,0,0,-14,-14,-14,-11,-4,-14,-22,-11,-25,-25,-27,-17,-126,-125,-130,-121,-280,-291,-281,-235,-234,-247,-239,-211,-203,-216,-190,-130,-187,-187,-180,-161,-303,-286,-354,-120,-115,0,0,0,0,0,0,0,0,0,-86,0,-147,0,0,0,0,0,0,0,0,0,0]} 1. d4 Nf6 2. Nf3 d5 3. c4 e6 4. g3 Bb4+ 5. Bd2 Bd6 6. Bg2 c6 7. Qc2 Nbd7 8. O-O O-O 9. Bg5 h6 10. Bxf6 Nxf6 11. Nbd2 b6 {E01: Catalan: Early deviations} 12. e4 Be7 13. e5 $146 (13. Rfd1 Bb7 14. Rac1 Rc8 15. Ne5 dxc4 16. Ndxc4 b5 17. Qb3 a6 18. Ne3 Nd7 19. N3g4 Nxe5 20. Nxe5 {0-1 (59) Moroni,L (2559)-Wojtaszek,R (2738) Batumi 2018}) ({Predecessor:} 13. cxd5 cxd5 14. e5 {½-½ (84) Postny,E (2606)-Charbonneau,P (2505) chess.com INT 2017}) 13... Nd7 14. cxd5 cxd5 15. Rfc1 Nb8 16. Bf1 Bd7 17. Qc7 Qxc7 18. Rxc7 Rc8 19. Rxc8+ Bxc8 20. Rc1 Bd7 21. Nb1 Kf8 22. Nc3 a6 23. Na4 (23. Nd2 $11 {remains equal.}) 23... Bxa4 $17 24. Rc8+ Be8 25. a3 $2 (25. Bd3 $17) 25... f5 $19 26. exf6 Bxf6 27. Bh3 Ke7 28. Bxe6 Kxe6 29. Rxe8+ {[#]} Kd7 $1 {[%cal Rd7e8]} 30. Rf8 Kd6 (30... Kc7 $19 31. Ne5 b5 32. Rf7+ Kb6) 31. h4 (31. g4 $17 {was necessary.}) 31... h5 32. Kg2 b5 33. b4 (33. Rh8 $142) 33... Kc7 34. Ne5 Bxe5 $2 (34... Ra7 $19 35. Rf7+ Kb6 36. Rxa7 Kxa7) 35. dxe5 {[%mdl 4096] Endgame KRN-KR} Kb7 (35... Ra7 $17 {Strongly threatening ...Nc6.} 36. Rg8 Nc6 37. Rxg7+ Kd8 38. Rg8+ Kd7) 36. Rf7+ $11 Kb6 {Threatens to win with ...Nc6.} 37. Rf8 Kb7 {White must now prevent ...Nc6.} 38. Rf7+ Kc6 39. Rf8 Kc7 40. f4 {[#]} (40. Rf7+ $11 Kb6 41. Rf8) 40... g6 (40... a5 $1 $17 {And now ...axb4 would win.} 41. e6 Kd6 42. bxa5 Kxe6) 41. Kf3 (41. Rf7+ $11 Kd8 42. Rf8+ Ke7 43. Rg8) 41... Kb7 (41... a5 $17 {Hoping for ...axb4.} 42. e6 Kd6 43. bxa5 Kxe6) 42. Rf7+ {The position is equal.} Kb6 43. Rf8 $1 Kb7 44. Rf7+ Kb6 45. Rf8 $1 {aiming for f5.} Kb7 46. Rf7+ {Accuracy: White = 36%, Black = 70%.} 1/2-1/2

[Event "SuperChess Cup Blitz 2019"]
[Site "Bucharest"]
[Date "2019.11.09"]
[Round "9.4"]
[White "Georgescu, Tiberiu-Marian"]
[Black "Parligras, Mircea-Emilian"]
[Result "1/2-1/2"]
[WhiteElo "2373"]
[BlackElo "2458"]
[Annotator "TA"]
[PlyCount "48"]
[EventDate "2019.11.06"]
[EventType "tourn"]
[EventCountry "ROU"]
[SourceTitle "playchess.com"]
[Source "ChessBase"]
[SourceQuality "1"]

{[%evp 9,48,0,0,-12,2,-10,0,-8,-8,-1,0,-5,0,0,0,-3,0,-22,-13,-4,6,10,9,8,10,15,11,17,16,2,33,30,53,35,41,6,10,-6,22,32,36]} 1. c4 e5 2. d3 Nf6 3. Nf3 Nc6 4. a3 d5 (4... g6 5. b4 d6 6. Bb2 Bg7 7. e3 O-O 8. Be2 Ne7 9. O-O Re8 10. Nc3 Nf5 11. Ne4 Nxe4 12. dxe4 {1-0 (57) Kramnik,V (2753)-Anand,V (2756) Amsterdam 2019}) 5. cxd5 Nxd5 6. e4 {A20: English Opening: 1...e5} Nf6 7. h3 Bc5 8. b4 $146 {The position is equal.} ({Predecessor:} 8. Qc2 Bb6 9. Be2 O-O 10. O-O Be6 11. b4 Nh5 {0-1 (41) Gashev,M (1846)-Nikologorsky,M (2214) St Petersburg 2019}) 8... Bd4 9. Nxd4 Nxd4 (9... Qxd4 $5 10. Ra2 $8 Be6 $11) 10. Bb2 Be6 {Black wants to play ...Bb3.} 11. Nd2 {[%cal Bb1d2,Bd2f3,Bf3e5,Be5c4][%mdl 32]} O-O 12. Be2 a5 13. bxa5 Rxa5 14. O-O Rb5 15. Bxd4 Qxd4 16. Nf3 $36 {[%mdl 2048] White has some pressure.} Qa7 17. d4 Ra5 18. d5 Bc8 19. Bd3 Rxa3 20. Nxe5 Re8 21. Rxa3 Qxa3 22. Nc4 Qc3 23. Qd2 Qxd2 24. Nxd2 c6 1/2-1/2